[Event "Unterfranken-ch M1 57th"]
[Site "Prichsenstadt"]
[Date "2006.04.17"]
[Round "1"]
[White "Seuffert, Gabriel"]
[Black "Scheidt, Karlheinz"]
[Result "1/2-1/2"]
[WhiteElo "2301"]
[BlackElo "2093"]
[PlyCount "114"]
[EventDate "2006.04.17"]
[EventType "swiss"]
[EventRounds "9"]
[EventCountry "GER"]
[SourceTitle "EXT 2015"]
[Source "ChessBase"]
[SourceDate "2014.11.20"]
[SourceVersion "1"]
[SourceVersionDate "2014.11.20"]
[SourceQuality "1"]

1. c4 Nf6 2. g3 c5 3. Bg2 Nc6 4. Nf3 g6 5. 0-0 Bg7 6. d4 cxd4 7. Nxd4 0-0 8. Nc3 Ng4 9. e3 Nge5 10. b3 Nxd4 11. exd4 Nc6 12. Be3 d6 13. h3 Bd7 14. Qd2 Qa5 15. Rad1 Rfd8 16. Ne2 Qxd2 17. Rxd2 Rdc8 18. Rc1 a6 19. d5 Nd8 20. Bb6 a5 21. Bf1 a4 22. b4 a3 23. Nc3 h5 24. Be3 b5 25. c5 dxc5 26. Bxc5 h4 27. Nxb5 hxg3 28. fxg3 Bh6 29. Rcd1 Bxd2 30. Rxd2 Nb7 31. Rc2 Nd6 32. Nd4 Ba4 33. Re2 Rc7 34. Nc6 Rxc6 35. dxc6 Bxc6 36. Rxe7 Nf5 37. Rc7 Bd5 38. Bg2 Bxg2 39. Kxg2 Rd8 40. g4 Rd2+ 41. Kf3 Nh4+ 42. Ke3 Rxa2 43. Rc8+ Kh7 44. Bd4 g5 45. Rh8+ Kg6 46. Rg8+ Kh6 47. b5 Rh2 48. b6 f5 49. Kd3 Rh1 50. Rh8+ Kg6 51. Rf8 a2 52. Ra8 Nf3 53. gxf5+ Kxf5 54. Rf8+ Kg6 55. Rxf3 Rd1+ 56. Ke2 Rxd4 57. Ra3 Rd6 1/2-1/2

[Event "Regionalliga NW 0506"]
[Site "Bayern"]
[Date "2005.10.23"]
[Round "1"]
[White "Bachmann, Wolfgang"]
[Black "Scheidt, Karlheinz"]
[Result "0-1"]
[WhiteElo "1963"]
[BlackElo "2038"]
[PlyCount "44"]
[EventDate "2005.10.23"]
[EventType "team-tourn"]
[EventRounds "9"]
[EventCountry "GER"]
[SourceTitle "EXT 2020"]
[Source "ChessBase"]
[SourceDate "2019.10.17"]
[SourceVersion "1"]
[SourceVersionDate "2019.10.17"]
[SourceQuality "1"]

1. d4 g6 2. c4 Bg7 3. Nc3 Nf6 4. e4 d6 5. f3 0-0 6. Be3 a6 7. Qd2 Nc6 8. Nge2 Re8 9. Nc1 e5 10. Nb3 exd4 11. Nxd4 Nxd4 12. Bxd4 Be6 13. Be2 c6 14. 0-0 Qe7 15. Rfd1 Rad8 16. Bb6 Rd7 17. Qe3 h5 18. Rd3 Bxc4 19. Rxd6 Qxd6 20. Bxc4 Qd2 21. Na4 Qxe3+ 22. Bxe3 b5 0-1

[Event "Karl Mala Memorial op 09th"]
[Site "Frankfurt"]
[Date "2005.07.31"]
[Round "7"]
[White "Scheidt, Karlheinz"]
[Black "Donchenko, Irina"]
[Result "1/2-1/2"]
[WhiteElo "2170"]
[BlackElo "2066"]
[PlyCount "64"]
[EventDate "2005.07.28"]
[EventType "swiss"]
[EventRounds "7"]
[EventCountry "GER"]
[SourceTitle "EXT 2006"]
[Source "ChessBase"]
[SourceDate "2005.11.24"]
[SourceVersion "1"]
[SourceVersionDate "2005.11.24"]
[SourceQuality "1"]

1. e4 c5 2. Nf3 d6 3. c3 Nf6 4. Bd3 Nc6 5. h3 e5 6. 0-0 h6 7. Bc2 d5 8. exd5 Qxd5 9. Re1 Be6 10. Na3 c4 11. b3 b5 12. bxc4 bxc4 13. Ba4 Bd6 14. Nxe5 Bxe5 15. Rxe5 Qxe5 16. Bxc6+ Ke7 17. Bxa8 Rxa8 18. Nc2 Kf8 19. Ne3 Rd8 20. Rb1 Qa5 21. Qc2 Qg5 22. Qa4 Qf4 23. Qa5 Re8 24. Qb4+ Kg8 25. d3 a5 26. Qb5 Bd5 27. Bd2 Qd6 28. Ng4 Bc6 29. Nxf6+ Qxf6 30. Qxc4 Qg6 31. Qg4 Qxd3 32. Rd1 Re2 1/2-1/2

[Event "Karl Mala Memorial op 09th"]
[Site "Frankfurt"]
[Date "2005.07.31"]
[Round "6"]
[White "Solonar, Stefan"]
[Black "Scheidt, Karlheinz"]
[Result "1-0"]
[WhiteElo "2362"]
[BlackElo "2170"]
[PlyCount "49"]
[EventDate "2005.07.28"]
[EventType "swiss"]
[EventRounds "7"]
[EventCountry "GER"]
[SourceTitle "EXT 2006"]
[Source "ChessBase"]
[SourceDate "2005.11.24"]
[SourceVersion "1"]
[SourceVersionDate "2005.11.24"]
[SourceQuality "1"]

1. c4 e5 2. Nc3 Nf6 3. Nf3 Nc6 4. g3 d5 5. cxd5 Nxd5 6. Bg2 Nb6 7. 0-0 Be7 8. a3 0-0 9. b4 Re8 10. d3 a5 11. b5 Nd4 12. Nd2 a4 13. e3 Ne6 14. Nc4 Nc5 15. Nxe5 Bf6 16. d4 Nb3 17. Rb1 Bxe5 18. dxe5 Qe7 19. Nxa4 Nxc1 20. Nxb6 cxb6 21. Rxc1 Rd8 22. Qc2 Qxe5 23. Rfd1 Rxd1+ 24. Rxd1 Bg4 25. Qa4 1-0

[Event "Regionalliga NW 0405"]
[Site "Bayern"]
[Date "2005.01.16"]
[Round "5.4"]
[White "Oster, Klaus"]
[Black "Scheidt, Karlheinz"]
[Result "1/2-1/2"]
[WhiteElo "1695"]
[BlackElo "2063"]
[PlyCount "111"]
[EventDate "2004.10.24"]
[EventType "team-tourn"]
[EventRounds "9"]
[EventCountry "GER"]
[SourceTitle "EXT 2007"]
[Source "ChessBase"]
[SourceDate "2006.11.23"]
[SourceVersion "1"]
[SourceVersionDate "2006.11.23"]
[SourceQuality "1"]
[WhiteTeam "Sailauf"]
[BlackTeam "Burgsinn"]
[WhiteTeamCountry "GER"]
[BlackTeamCountry "GER"]

1. e4 g6 2. d4 Bg7 3. Be3 c6 4. c4 d5 5. Nc3 Nf6 6. f3 dxe4 7. Nxe4 0-0 8. Bd3 Nxe4 9. Bxe4 f5 10. Bc2 Qa5+ 11. Bd2 Qb6 12. Bc3 c5 13. d5 Bxc3+ 14. bxc3 Qf6 15. Qd3 e5 16. g3 e4 17. Qe3 f4 18. gxf4 exf3 19. Nxf3 Qxf4 20. Qxf4 Rxf4 21. Nd2 Bg4 22. Rf1 Rxf1+ 23. Kxf1 Nd7 24. Re1 Kf8 25. Ne4 Bf5 26. Ba4 Nb6 27. Bb3 Bxe4 28. Rxe4 Re8 29. Rxe8+ Kxe8 30. Kf2 Ke7 31. Ke3 Kd6 32. Kf4 h6 33. a3 a5 34. h4 Nd7 35. Bd1 Ne5 36. Be2 Nf7 37. Bd3 g5+ 38. hxg5 hxg5+ 39. Kf5 g4 40. Kf4 Ne5 41. Be2 b6 42. Bf1 Nf3 43. Be2 Nd2 44. Bd3 Nb3 45. Kxg4 Nc1 46. Bc2 Ne2 47. Kf5 Nxc3 48. Bb3 Ne2 49. Kf6 Nc1 50. Bc2 Ne2 51. Kf7 Nd4 52. Bd1 Nf5 53. Kf6 Ne3 54. Bb3 Ng4+ 55. Kf5 Ne5 56. Ke4 1/2-1/2

[Event "Regionalliga NW 0405"]
[Site "Bayern"]
[Date "2004.12.12"]
[Round "4.4"]
[White "Oehrlein, Thomas"]
[Black "Scheidt, Karlheinz"]
[Result "1-0"]
[WhiteElo "2163"]
[BlackElo "2063"]
[PlyCount "101"]
[EventDate "2004.10.24"]
[EventType "team-tourn"]
[EventRounds "9"]
[EventCountry "GER"]
[SourceTitle "EXT 2007"]
[Source "ChessBase"]
[SourceDate "2006.11.23"]
[SourceVersion "1"]
[SourceVersionDate "2006.11.23"]
[SourceQuality "1"]
[WhiteTeam "Kulmbach"]
[BlackTeam "Burgsinn"]
[WhiteTeamCountry "GER"]
[BlackTeamCountry "GER"]

1. e4 g6 2. d4 Bg7 3. Nc3 c6 4. Be3 d5 5. e5 f6 6. Nf3 Bg4 7. Be2 Nh6 8. exf6 exf6 9. Qd2 Nf7 10. h3 Bxf3 11. Bxf3 0-0 12. 0-0 Nd7 13. Rfe1 f5 14. g3 Nf6 15. Rad1 Nd6 16. Bg5 Qd7 17. Bxf6 Bxf6 18. b3 Rad8 19. Bg2 Bg7 20. f3 Rfe8 21. Na4 b6 22. c3 Nf7 23. Nb2 Qc7 24. Qf2 Nd6 25. Nd3 Nb5 26. Rc1 Qd6 27. a4 Rxe1+ 28. Qxe1 Nc7 29. b4 Ne6 30. f4 c5 31. dxc5 bxc5 32. b5 c4 33. Nb4 Qc5+ 34. Kh2 Nc7 35. Qd2 Rd7 36. Rd1 d4 37. Qf2 Qb6 38. Bc6 Rd6 39. Qe2 Re6 40. Qxc4 dxc3 41. Rd6 Qe3 42. Bg2 Bf8 43. Rd8 Qb6 44. Rc8 Kg7 45. Rxc7+ Kh6 46. Nd5 Qf2 47. Qf1 Qd2 48. g4 fxg4 49. hxg4 g5 50. fxg5+ Kxg5 51. Qf5+ 1-0